| 000 | 00589nam a2200193Ia 4500 | ||
|---|---|---|---|
| 003 | GCL | ||
| 008 | 140319s9999 xx 000 0 ara d | ||
| 040 |
_aGCL / _cGCL |
||
| 082 | 0 | 4 |
_a971.4 _bر س |
| 100 | 1 | _aروؤف توفيق | |
| 245 | 1 | 0 |
_aسينما المرأة وجزء خاص عن السينما العارية / _cروؤف توفيق |
| 300 | _a214 ص | ||
| 490 |
_aالكتاب الذهبى _v0 |
||
| 650 | 0 | 4 | _aالفنون |
| 650 | 0 | 4 | _aوسائل الاعلام |
| 650 | 0 | 4 | _aالانتاج السينمائى |
| 650 | 0 | 4 | _aالسينما - افلام |
| 942 |
_2ddc _cBK |
||
| 999 |
_c38605 _d38605 |
||